00473nam a2200193Ia 4500008004100000020001400041050001400055100002200069245003400091245002200125260001500147260001600162260000900178300001500187300002700202300001000229440003200239500000800271170918s9999 xx 000 0 und d a590023969 bJ665 1960 aJohnson, Crockett 2aA picture for Harold's room / cCrockett Johnson. aNew York : bScholastic, c1960 a64 pages : bcolored illustration ; c22cm. aAn I can read book level 1. a310